Madhya Pradesh mein shastriya sangeet ki vikas yatra (Record no. 66692)

MARC details
000 -LEADER
fixed length control field 00377nam a2200145Ia 4500
008 - FIXED-LENGTH DATA ELEMENTS--GENERAL INFORMATION
fixed length control field 230917s9999||||xx |||||||||||||| ||und||
040 ## - CATALOGING SOURCE
-- 28185
Original cataloging agency VIVEKANANDA LIBRARY
041 ## - Language
-- English
082 ## - DDC NUMBER
Classification number 784 S86M
100 ## - MAIN ENTRY--PERSONAL NAME
Personal name Shrikhande, Kala
245 #0 - TITLE STATEMENT
Title Madhya Pradesh mein shastriya sangeet ki vikas yatra
260 ## - PUBLICATION, DISTRIBUTION, ETC. (IMPRINT)
Place of publication, distribution, etc Delhi
Name of publisher, distributor, etc Nirmal publication
Date of publication, distribution, etc 1995
300 ## - PHYSICAL DESCRIPTION
Pages 196 p.
942 ## - ADDED ENTRY ELEMENTS (KOHA)
Koha item type Books
Holdings
Withdrawn status Lost status Damaged status Not for loan Location (home branch) Sublocation or collection (holding branch) Date acquired Koha issues (times borrowed) Koha full call number Accession No. Koha date last seen Koha item type
        VIVEKANANDA LIBRARY VIVEKANANDA LIBRARY 08/08/2002   784 S86M 139287 17/09/2023 Books
        VIVEKANANDA LIBRARY VIVEKANANDA LIBRARY 08/08/2002   784 S86M 158599 17/09/2023 Books
        VIVEKANANDA LIBRARY VIVEKANANDA LIBRARY 08/08/2002   784 S86M 172384 17/09/2023 Books
        VIVEKANANDA LIBRARY VIVEKANANDA LIBRARY 08/08/2002   784 S86M 175081 17/09/2023 Books
© Designed and Maintained by Vivekananda Library, MDU Rohtak